Statistiques concernant Villes ayant un Parc Disney

Cliquez ici pour prendre le quiz!

Statistiques générales

  • Ce quiz a été pris 10 099 fois
    (9 793 depuis la dernière actualisation)
  • Le résultat moyen est 4 sur 6

Statistiques - réponses

Année d'ouvertureVille% Correct
1992Paris (Marne-la-Vallée)
100%
1955Los Angeles (Anaheim)
74%
1983Tokyo (Urayasu)
74%
1971Orlando (Lake Buena Vista)
55%
2016Shanghaï (Chuansha)
41%
2005Hong Kong
27%

Distribution des résultats

Percentile par nombre de réponses

% des personnes avec chaque résultat

Votre développement - résultats

Vous n’avez pas pris ce quiz depuis la dernière actualisation